Największe europejskie miasta na literę O - Quiz z mapą - Statystyki

Ogólne statystyki
  • Ten quiz został rozwiązany 97 razy
  • Średni wynik to 8 z 20
Odpowiedzi na mapie
Odpowiedzi zakodowano w zielono-czerwonej skali na mapie do tego quizu, zgodnie z poniższymi procentami.
 
Statystyki odpowiedzi
Liczba
Ludności
Kraj Miasto % Poprawnych
709037 Norwegia Oslo
100%
168212 Polska Olsztyn
96%
126755 Polska Opole
94%
1010537 Ukraina Odessa
83%
283504 Czechy Ostrawa
83%
182387 Dania Odense
56%
170805 Wielka Brytania Oksford
51%
211848 Finlandia Oulu
41%
217584 Hiszpania Oviedo
37%
117026 Francja Orlean
32%
166581 Niemcy Osnabruck
29%
169960 Niemcy Oldenburg
22%
308838 Rosja Orzeł
20%
126604 Szwecja Orebro
19%
110720 Wielka Brytania Oldham
18%
211119 Niemcy Oberhausen
16%
135490 Niemcy Offenbach am Mein
6%
135506 Rosja Odincowo
4%
118309 Rosja Oriechowo-Zujewo
2%
117419 Rosja Obninsk
1%
Nie znaleziono quizów pasujących do podanych kryteriów
Rozkład punktacji
Procent ludzi z każdym wynikiem
Percentyl według liczby udzielonych odpowiedzi
Twoja historia wyników
Nie rozwiązałeś tego quizu